[Event "La Pobla de Lillet op-B 32nd"]
[Site "La Pobla de Lillet"]
[Date "2023.08.04"]
[Round "3"]
[White "Dominguez Coig, Alvaro"]
[Black "Sobrevia Castellar, Lluis"]
[Result "0-1"]
[WhiteElo "1404"]
[BlackElo "1695"]
[PlyCount "64"]
[EventDate "2023.08.02"]
[EventType "swiss"]
[EventRounds "9"]
[EventCountry "ESP"]
[SourceTitle "EXT 2024"]
[Source "ChessBase"]
[SourceDate "2023.10.10"]
[SourceVersion "1"]
[SourceVersionDate "2023.10.10"]
[SourceQuality "1"]

1. e4 e6 2. d4 d5 3. e5 c5 4. c3 b6 5. Nf3 Nc6 6. Bd3 Bd7 7. 0-0 cxd4 8. cxd4 Nb4 9. Be2 Ne7 10. a3 Nbc6 11. Nc3 Nf5 12. Bf4 g6 13. Qd2 Na5 14. Qd1 a6 15. Rc1 b5 16. g4 Nh4 17. b4 Nxf3+ 18. Bxf3 Nc4 19. Qb3 Bc6 20. a4 Be7 21. axb5 Bxb5 22. Nxb5 axb5 23. Ra1 0-0 24. Be2 Qb6 25. Be3 Ra6 26. Rxa6 Qxa6 27. Bxc4 bxc4 28. Qc3 Ra8 29. Bc1 Qa4 30. Bd2 Qa2 31. Qc1 Ra3 32. Bc3 Qb3 0-1

[Event "Colmenarejo Autumn op 29th"]
[Site "Colmenarejo"]
[Date "2019.10.13"]
[Round "5"]
[White "Olmedo Alvarez, Jesus"]
[Black "Dominguez Coig, Alvaro"]
[Result "0-1"]
[WhiteElo "1338"]
[BlackElo "1515"]
[PlyCount "74"]
[EventDate "2019.09.15"]
[EventType "swiss"]
[EventRounds "7"]
[EventCountry "ESP"]
[SourceTitle "EXT 2021"]
[Source "ChessBase"]
[SourceDate "2020.10.23"]
[SourceVersion "1"]
[SourceVersionDate "2020.10.23"]
[SourceQuality "1"]

1. Nf3 Nf6 2. g3 g6 3. Bg2 Bg7 4. d3 0-0 5. 0-0 d6 6. e4 c5 7. Nbd2 Nc6 8. Re1 Qc7 9. Nf1 Ng4 10. c3 Nge5 11. Ne3 Nxf3+ 12. Qxf3 Be6 13. Nd5 Qd7 14. Bf4 b5 15. Qe3 Rfe8 16. Rac1 b4 17. Qd2 bxc3 18. bxc3 Rab8 19. Rb1 Rb7 20. Rxb7 Qxb7 21. h4 h5 22. Bg5 Rb8 23. Nf4 Qb2 24. Nxe6 Qxd2 25. Bxd2 fxe6 26. Bh3 Rb2 27. Bxe6+ Kf8 28. Bc1 Rc2 29. Be3 Rxc3 30. Bd5 Ne5 31. Rb1 Bf6 32. Bh6+ Ke8 33. Rb8+ Kd7 34. Kg2 Rxd3 35. Rb7+ Kc8 36. Rxa7 c4 37. Rb7 Rxd5 0-1

[Event "Collado Villalba 64 op 7th"]
[Site "Collado Villalba"]
[Date "2019.07.29"]
[Round "1"]
[White "Dominguez Coig, Alvaro"]
[Black "Patino Garcia, Corals"]
[Result "0-1"]
[WhiteElo "1539"]
[BlackElo "1961"]
[PlyCount "98"]
[EventDate "2019.07.29"]
[EventType "swiss"]
[EventRounds "9"]
[EventCountry "ESP"]
[SourceTitle "CBM 195 Extra"]
[Source "ChessBase"]
[SourceDate "2020.05.31"]
[SourceVersion "1"]
[SourceVersionDate "2020.05.31"]
[SourceQuality "1"]

1. e4 c5 2. Nf3 e6 3. d4 cxd4 4. Nxd4 Nc6 5. Nc3 Qc7 6. Be3 a6 7. Qd2 Bb4 8. f3 Nf6 9. a3 Be7 10. 0-0-0 b5 11. Ndxb5 axb5 12. Nxb5 Qb8 13. Nd6+ Bxd6 14. Qxd6 Qxd6 15. Rxd6 0-0 16. Bc5 Re8 17. g4 Ne5 18. Be2 Ng6 19. g5 Nh5 20. Rhd1 Nhf4 21. Bb5 Nf8 22. a4 e5 23. h4 N8e6 24. Bb6 Nd4 25. Bxd4 exd4 26. Rd2 Ne6 27. b3 Ra7 28. b4 Kf8 29. a5 Ke7 30. Rb6 Rd8 31. Bc4 Rc7 32. Bd5 Nf4 33. a6 Nxd5 34. exd5 d6 35. Rxd4 Bf5 36. Rc6 Ra7 37. Kb2 Rb8 38. Kb3 Bc8 39. Rdc4 Bxa6 40. Rc7+ Rxc7 41. Rxc7+ Ke8 42. c4 Rc8 43. Rxc8+ Bxc8 44. b5 Bh3 45. Kb4 Bg2 46. b6 Kd7 47. f4 Kc8 48. c5 Bxd5 49. cxd6 Kd7 0-1

[Event "Colmenarejo Spring op"]
[Site "Colmenarejo"]
[Date "2019.06.16"]
[Round "6.4"]
[White "Alvarez Alba, Diego"]
[Black "Dominguez Coig, Alvaro"]
[Result "1/2-1/2"]
[WhiteElo "1509"]
[BlackElo "1529"]
[PlyCount "84"]
[EventDate "2019.05.05"]
[EventType "swiss"]
[EventRounds "7"]
[EventCountry "ESP"]
[SourceTitle "EXT 2024"]
[Source "ChessBase"]
[SourceDate "2023.10.10"]
[SourceVersion "1"]
[SourceVersionDate "2023.10.10"]
[SourceQuality "1"]

1. Nf3 Nf6 2. d4 e6 3. Bf4 b6 4. e3 Bb7 5. Nbd2 d6 6. h3 Nbd7 7. Bb5 a6 8. Be2 Be7 9. 0-0 0-0 10. c3 c5 11. Bh2 b5 12. a3 Rc8 13. Rc1 Qb6 14. Bd3 c4 15. Bc2 a5 16. Qe2 d5 17. Rfe1 Ne4 18. Nxe4 dxe4 19. Nd2 f5 20. Bg3 Bd5 21. Bh2 b4 22. axb4 axb4 23. Ba4 bxc3 24. bxc3 Nf6 25. Ra1 Qb2 26. Rec1 Qb6 27. Rcb1 Qd8 28. Bb5 Ne8 29. Ba6 Ra8 30. Nxc4 Nc7 31. Nd2 Nxa6 32. Rxa6 Qc8 33. Rxa8 Qxa8 34. Be5 Rc8 35. Bh2 Qa2 36. Rc1 Qb2 37. Qd1 Rxc3 38. Rb1 Qc2 39. Qh5 g6 40. Qh6 Bf8 41. Rb8 Rc8 42. Rxc8 Qxc8 1/2-1/2

[Event "Colmenarejo Spring op"]
[Site "Colmenarejo"]
[Date "2019.06.09"]
[Round "5.8"]
[White "Dominguez Coig, Alvaro"]
[Black "Orta Vazquez, Mario"]
[Result "1-0"]
[WhiteElo "1529"]
[BlackElo "1410"]
[PlyCount "57"]
[EventDate "2019.05.05"]
[EventType "swiss"]
[EventRounds "7"]
[EventCountry "ESP"]
[SourceTitle "EXT 2024"]
[Source "ChessBase"]
[SourceDate "2023.10.10"]
[SourceVersion "1"]
[SourceVersionDate "2023.10.10"]
[SourceQuality "1"]

1. e4 c6 2. d4 d5 3. f3 e6 4. Bd3 c5 5. c3 cxd4 6. cxd4 Nc6 7. Ne2 Qh4+ 8. g3 Qf6 9. 0-0 Nxd4 10. Nxd4 Qxd4+ 11. Kg2 Bd7 12. Qe2 Nf6 13. Nc3 dxe4 14. fxe4 Be7 15. Nb5 Bxb5 16. Bxb5+ Kf8 17. Bd3 Rd8 18. Rd1 Qa4 19. b3 Qc6 20. Bf4 h5 21. Rac1 Qe8 22. Bb5 Nd7 23. Rc7 g5 24. Be3 f6 25. Rdxd7 Rxd7 26. Bxd7 Qg6 27. Qc4 h4 28. Qxe6 Rh7 29. Rc8+ 1-0

[Event "Colmenarejo Autumn op 25th"]
[Site "Colmenarejo"]
[Date "2018.10.14"]
[Round "5"]
[White "Chidichimo, Pedro Jose Maria"]
[Black "Dominguez Coig, Alvaro"]
[Result "1-0"]
[WhiteElo "1802"]
[BlackElo "1564"]
[PlyCount "105"]
[EventDate "2018.09.16"]
[EventType "swiss"]
[EventRounds "7"]
[EventCountry "ESP"]
[SourceTitle "CBM 187 Extra"]
[Source "ChessBase"]
[SourceDate "2018.11.04"]
[SourceVersion "1"]
[SourceVersionDate "2018.11.04"]
[SourceQuality "1"]

1. Nf3 Nf6 2. d4 e6 3. e3 b6 4. Bd3 Bb7 5. 0-0 Be7 6. Nbd2 0-0 7. b3 d5 8. Bb2 Nbd7 9. Ne5 Rc8 10. f4 c5 11. Rf3 Ne4 12. Rh3 Ndf6 13. Nxe4 dxe4 14. Bc4 a6 15. a4 cxd4 16. Bxd4 Qc7 17. Ng4 Qd8 18. Qe2 Nxg4 19. Qxg4 Bf6 20. Rd1 Bxd4 21. Rxd4 Qf6 22. Qh5 h6 23. g4 Rfe8 24. g5 Qg6 25. Qxg6 fxg6 26. gxh6 gxh6 27. Rg3 Bd5 28. Rxg6+ Kh7 29. Rg2 Rg8 30. Rxg8 Kxg8 31. Kf1 Rc5 32. Ke1 b5 33. axb5 axb5 34. Bxd5 exd5 35. Kd2 Kf7 36. b4 Rc4 37. Rxd5 Rxb4 38. Kc3 Rb1 39. Kd4 Rb4+ 40. Ke5 h5 41. Kf5 h4 42. Kg4 Rb2 43. Rc5 b4 44. Rc7+ Ke6 45. f5+ Ke5 46. Kg5 b3 47. f6 Rxc2 48. Re7+ Kd6 49. Rb7 b2 50. f7 Rf2 51. Kg6 Ke5 52. Rxb2 Rxf7 53. Rb5+ 1-0

[Event "Colmenarejo Autumn op 25th"]
[Site "Colmenarejo"]
[Date "2018.10.07"]
[Round "4"]
[White "Dominguez Coig, Alvaro"]
[Black "Urruti Diaz, Agustin Anibal"]
[Result "1-0"]
[WhiteElo "1564"]
[BlackElo "1713"]
[PlyCount "69"]
[EventDate "2018.09.16"]
[EventType "swiss"]
[EventRounds "7"]
[EventCountry "ESP"]
[SourceTitle "CBM 187 Extra"]
[Source "ChessBase"]
[SourceDate "2018.11.04"]
[SourceVersion "1"]
[SourceVersionDate "2018.11.04"]
[SourceQuality "1"]

1. e4 c6 2. Nc3 d5 3. Nf3 Bg4 4. h3 Bxf3 5. Qxf3 d4 6. Ne2 e5 7. Ng3 Nf6 8. Bc4 Nbd7 9. Qb3 Nc5 10. Bxf7+ Kd7 11. Qf3 Kc7 12. 0-0 Qd7 13. Bc4 Be7 14. b4 Ne6 15. Qf5 Nf4 16. Qxd7+ Kxd7 17. a3 h5 18. d3 g5 19. Nf5 Ne2+ 20. Kh1 Nxc1 21. Raxc1 Bf8 22. c3 dxc3 23. Rxc3 b5 24. Bb3 a5 25. Rfc1 Ra6 26. bxa5 Bxa3 27. Be6+ Kxe6 28. Rxa3 Nd7 29. d4 Nf6 30. f3 g4 31. dxe5 Kxe5 32. Rc5+ Kf4 33. Nd4 gxf3 34. gxf3 Rd8 35. Ne6+ 1-0

[Event "Collado Villalba op-B 35th"]
[Site "Collado Villalba"]
[Date "2018.08.25"]
[Round "2"]
[White "Orta Vazquez, Mario"]
[Black "Dominguez Coig, Alvaro"]
[Result "0-1"]
[WhiteElo "1429"]
[BlackElo "1564"]
[PlyCount "58"]
[EventDate "2018.08.24"]
[EventType "swiss"]
[EventRounds "9"]
[EventCountry "ESP"]
[SourceTitle "CBM 186 Extra"]
[Source "ChessBase"]
[SourceDate "2018.08.24"]
[SourceVersion "1"]
[SourceVersionDate "2018.08.24"]
[SourceQuality "1"]

1. c4 Nf6 2. Nc3 e6 3. d4 b6 4. e4 Bb7 5. e5 Ne4 6. Nxe4 Bxe4 7. Nf3 d6 8. Bf4 Nd7 9. Be2 dxe5 10. dxe5 Bb4+ 11. Bd2 Be7 12. 0-0 0-0 13. Bf4 f5 14. Nd2 Bb7 15. Bf3 c6 16. a3 g5 17. Be3 Nxe5 18. Nb3 Nxc4 19. Qc2 Ne5 20. Bh5 c5 21. Rfe1 Qd5 22. f4 Nf7 23. Rad1 Qc6 24. Bf3 Qc7 25. Nd4 Bxf3 26. Nxe6 Qc6 27. gxf3 Qxe6 28. Bxc5 Bxc5+ 29. Qxc5 Qxe1+ 0-1

[Event "Colmenarejo Spring op 24th"]
[Site "Colmenarejo"]
[Date "2018.06.17"]
[Round "6"]
[White "Bahillo Vallejo, Ignacio"]
[Black "Dominguez Coig, Alvaro"]
[Result "1-0"]
[WhiteElo "1311"]
[BlackElo "1570"]
[PlyCount "55"]
[EventDate "2018.05.13"]
[EventType "swiss"]
[EventRounds "7"]
[EventCountry "ESP"]
[SourceTitle "EXT 2019"]
[Source "ChessBase"]
[SourceDate "2018.10.10"]
[SourceVersion "1"]
[SourceVersionDate "2018.10.10"]
[SourceQuality "1"]

1. b3 e5 2. Bb2 d6 3. c4 f5 4. e3 Nf6 5. Nc3 Nc6 6. g3 Be7 7. a3 0-0 8. Bg2 a6 9. Nge2 e4 10. d3 Ne5 11. dxe4 fxe4 12. Nxe4 Nxe4 13. Bxe4 Qe8 14. Bxe5 dxe5 15. 0-0 Bg4 16. Qd5+ Kh8 17. Nc3 Rd8 18. Qxb7 Rd2 19. Ra2 Qd7 20. Bd5 Rd3 21. Rc2 h5 22. Qc6 Qc8 23. Qg6 Rf6 24. Qxd3 Bf5 25. Be4 Bh3 26. Bg2 Bf5 27. e4 Rd6 28. Qe2 1-0

[Event "Madrid Colmenarejo Autumn op 22nd"]
[Site "Madrid"]
[Date "2017.09.24"]
[Round "2"]
[White "Dominguez Coig, Alvaro"]
[Black "Anton Ortiz, Javier"]
[Result "1-0"]
[WhiteElo "1575"]
[BlackElo "1201"]
[PlyCount "95"]
[EventDate "2017.09.17"]
[EventType "swiss"]
[EventRounds "7"]
[EventCountry "ESP"]
[SourceTitle "EXT 2019"]
[Source "ChessBase"]
[SourceDate "2018.10.10"]
[SourceVersion "1"]
[SourceVersionDate "2018.10.10"]
[SourceQuality "1"]

1. e4 e6 2. d4 d5 3. e5 c5 4. c3 Nc6 5. Nf3 g6 6. Bg5 Nge7 7. Bf6 Rg8 8. Qd2 h6 9. dxc5 g5 10. b4 g4 11. Nd4 Qc7 12. Na3 Bg7 13. Nab5 Qd8 14. Nd6+ Kf8 15. Bxg7+ Rxg7 16. Qxh6 Nxd4 17. cxd4 Nf5 18. Nxf5 exf5 19. Qd6+ Ke8 20. Bb5+ Bd7 21. Qxd7+ Qxd7 22. Bxd7+ Kxd7 23. Kd2 f4 24. a4 a6 25. b5 axb5 26. axb5 Rxa1 27. Rxa1 Rg6 28. Ke2 Rh6 29. Rh1 f6 30. exf6 Rxf6 31. h4 gxh3 32. gxh3 Re6+ 33. Kf3 Re4 34. Rd1 Kc7 35. h4 b6 36. c6 Kd6 37. h5 Re7 38. h6 Rh7 39. Rh1 Kc7 40. Rh2 Kd6 41. Kxf4 Ke6 42. Kg5 Ra7 43. h7 Rg7+ 44. Kh6 Kf7 45. h8Q Rg6+ 46. Kh7 Rg4 47. c7 Rg2 48. Rxg2 1-0

[Event "Colmenarejo Autumn op"]
[Site "Colmenarejo"]
[Date "2016.10.09"]
[Round "3"]
[White "Dominguez Coig, Alvaro"]
[Black "Olmedo Aznar, Eduardo"]
[Result "1/2-1/2"]
[WhiteElo "1621"]
[BlackElo "1380"]
[PlyCount "71"]
[EventDate "2016.09.25"]
[EventType "swiss"]
[EventRounds "7"]
[EventCountry "ESP"]
[SourceTitle "EXT 2019"]
[Source "ChessBase"]
[SourceDate "2018.10.10"]
[SourceVersion "1"]
[SourceVersionDate "2018.10.10"]
[SourceQuality "1"]

1. e4 e5 2. Nf3 Nc6 3. d4 exd4 4. c3 dxc3 5. Bc4 Qe7 6. 0-0 d6 7. Nxc3 Be6 8. Nd5 Qd7 9. Qb3 0-0-0 10. Rd1 Na5 11. Bb5 Nxb3 12. Bxd7+ Rxd7 13. axb3 a6 14. Be3 Bxd5 15. Rxd5 Nf6 16. Rd4 Ng4 17. Bf4 f6 18. Rad1 g5 19. Bg3 Bg7 20. h3 Ne5 21. Nd2 h5 22. f4 h4 23. Bh2 Nc6 24. Rd5 Nb4 25. Rf5 gxf4 26. Nf3 Rf7 27. Bxf4 Re7 28. Nd2 Nd3 29. Be3 Nxb2 30. Rc1 Nd3 31. Rc3 Ne5 32. Bb6 Nc6 33. Bf2 Ne5 34. Nf1 Nd7 35. Rc4 Ne5 36. Rc3 1/2-1/2

[Event "Colmenarejo Autumn op"]
[Site "Colmenarejo"]
[Date "2015.10.04"]
[Round "3"]
[White "Garcia Fernandez, Jose Luis"]
[Black "Dominguez Coig, Alvaro"]
[Result "1-0"]
[WhiteElo "1789"]
[BlackElo "1684"]
[PlyCount "40"]
[EventDate "2015.09.20"]
[EventType "swiss"]
[EventRounds "7"]
[EventCountry "ESP"]
[SourceTitle "EXT 2019"]
[Source "ChessBase"]
[SourceDate "2018.10.10"]
[SourceVersion "1"]
[SourceVersionDate "2018.10.10"]
[SourceQuality "1"]

1. e4 e5 2. Nc3 Nf6 3. f4 d5 4. fxe5 Nxe4 5. Nf3 Bc5 6. d4 Nxc3 7. bxc3 Be7 8. Bd3 Be6 9. 0-0 0-0 10. Qe1 Nd7 11. Qg3 f6 12. Bh6 Rf7 13. Rae1 c5 14. exf6 Bxf6 15. Rxe6 Kh8 16. Bg5 c4 17. Bxf6 Nxf6 18. Ne5 Rf8 19. Bf5 Rc8 20. Qh3 Rc7 1-0

[Event "Collado Villalba op-B 32nd"]
[Site "Collado Villalba"]
[Date "2015.08.27"]
[Round "6"]
[White "Dominguez Coig, Alvaro"]
[Black "Gonzalez Garcia, Soraya"]
[Result "1/2-1/2"]
[WhiteElo "1684"]
[BlackElo "1526"]
[PlyCount "52"]
[EventDate "2015.08.22"]
[EventType "swiss"]
[EventRounds "9"]
[EventCountry "ESP"]
[SourceTitle "EXT 2016"]
[Source "ChessBase"]
[SourceDate "2015.10.08"]
[SourceVersion "1"]
[SourceVersionDate "2015.10.08"]
[SourceQuality "1"]

1. e4 d5 2. exd5 Qxd5 3. Nc3 Qd8 4. d4 Nf6 5. Nf3 Bf5 6. Bb5+ c6 7. Bc4 e6 8. 0-0 Nbd7 9. Re1 Be7 10. Bf4 0-0 11. Qe2 Rc8 12. Rad1 Re8 13. Ne5 Nxe5 14. dxe5 Nd7 15. Ne4 h6 16. Nd6 Bxd6 17. Rxd6 Re7 18. g4 Bh7 19. g5 Qf8 20. gxh6 gxh6 21. Kh1 Bg6 22. Rg1 Kh7 23. Bd3 Nc5 24. Bxg6+ fxg6 25. Qg4 Qf5 26. Qh4 Qe4+ 1/2-1/2

[Event "Villalba op 1st"]
[Site "Villalba"]
[Date "2013.08.01"]
[Round "6.30"]
[White "Folgar Lopez, Angel"]
[Black "Dominguez Coig, Alvaro"]
[Result "0-1"]
[WhiteElo "1574"]
[BlackElo "1745"]
[PlyCount "90"]
[EventDate "2013.07.27"]
[EventType "swiss"]
[EventRounds "9"]
[EventCountry "ESP"]
[SourceTitle "EXT 2024"]
[Source "ChessBase"]
[SourceDate "2023.10.10"]
[SourceVersion "1"]
[SourceVersionDate "2023.10.10"]
[SourceQuality "1"]

1. d4 Nf6 2. Nf3 e6 3. Bf4 b6 4. Nbd2 Bb7 5. e3 Be7 6. Bd3 d6 7. Qe2 0-0 8. 0-0 Nh5 9. c3 Nxf4 10. exf4 Re8 11. Ne4 Nd7 12. Nfg5 Bxg5 13. Nxg5 Nf6 14. Rfe1 h6 15. Nf3 c5 16. Bb5 Re7 17. Rad1 a6 18. Ba4 b5 19. Bc2 Qc7 20. h3 Rae8 21. Bb1 Nd5 22. Qd3 f5 23. dxc5 dxc5 24. g3 Qc6 25. Ne5 Qc7 26. Ng6 Rd7 27. Ne5 Rdd8 28. Qe2 Nf6 29. Bc2 Ne4 30. Bxe4 Bxe4 31. f3 Bd5 32. a3 Bb3 33. Rd2 Rxd2 34. Qxd2 Rd8 35. Qe2 Rd6 36. Kf2 Qd8 37. Ke3 Qb6 38. c4 b4 39. g4 bxa3 40. bxa3 Qa5 41. Ra1 Qc3+ 42. Nd3 Qxa1 43. Nxc5 Qc3+ 44. Nd3 Bxc4 45. gxf5 Rxd3+ 0-1

[Event "Villalba op 1st"]
[Site "Villalba"]
[Date "2013.07.28"]
[Round "2.14"]
[White "Camarero Izquierdo, Juan Carlos"]
[Black "Dominguez Coig, Alvaro"]
[Result "1-0"]
[WhiteElo "1877"]
[BlackElo "1745"]
[PlyCount "112"]
[EventDate "2013.07.27"]
[EventType "swiss"]
[EventRounds "9"]
[EventCountry "ESP"]
[SourceTitle "EXT 2024"]
[Source "ChessBase"]
[SourceDate "2023.10.10"]
[SourceVersion "1"]
[SourceVersionDate "2023.10.10"]
[SourceQuality "1"]

1. d4 Nf6 2. Nc3 d5 3. Bg5 h6 4. Bh4 Bf5 5. f3 Nc6 6. e4 dxe4 7. Bxf6 exf6 8. fxe4 Bg6 9. Bb5 a6 10. Bxc6+ bxc6 11. Nf3 Bb4 12. Qd3 0-0 13. 0-0 Re8 14. Rae1 Qd7 15. a3 Bxc3 16. bxc3 Qe7 17. Nh4 Qxa3 18. Nxg6 fxg6 19. Qc4+ Kh7 20. Qxc6 Qd6 21. Qa4 Re7 22. Rf3 Rae8 23. Rfe3 Qb6 24. Qc4 Qb5 25. Qxb5 axb5 26. Kf2 c6 27. R1e2 g5 28. g4 Kg6 29. Ke1 Kf7 30. Kd2 g6 31. Kd3 h5 32. h3 h4 33. c4 bxc4+ 34. Kxc4 f5 35. Kd3 f4 36. Rf3 Ra8 37. e5 Ra3+ 38. Ke4 Rxf3 39. Kxf3 Ra7 40. c4 Ra3+ 41. Ke4 Rxh3 42. d5 cxd5+ 43. Kxd5 Re3 44. Rf2 h3 45. c5 Rd3+ 46. Kc4 Rg3 47. c6 Rg2 48. Rf3 h2 49. Rh3 Kg7 50. Kd5 f3 51. c7 Rc2 52. Rxh2 Rxc7 53. Rf2 Rc3 54. Ke4 Kf8 55. Rxf3+ Rxf3 56. Kxf3 Ke7 1-0

[Event "Colmenarejo Spring op 8th"]
[Site "Colmenarejo"]
[Date "2013.05.10"]
[Round "5.5"]
[White "Dominguez Coig, Alvaro"]
[Black "Orantes Sanz, Ricardo"]
[Result "1-0"]
[WhiteElo "1747"]
[BlackElo "1603"]
[PlyCount "59"]
[EventDate "2013.04.14"]
[EventType "swiss"]
[EventRounds "7"]
[EventCountry "ESP"]
[SourceTitle "EXT 2024"]
[Source "ChessBase"]
[SourceDate "2023.10.10"]
[SourceVersion "1"]
[SourceVersionDate "2023.10.10"]
[SourceQuality "1"]

1. e4 e5 2. Nf3 Nc6 3. Bb5 Be7 4. 0-0 d6 5. d4 Bd7 6. Be3 Nf6 7. Nbd2 Ng4 8. c3 Nxe3 9. fxe3 Bg5 10. Qe2 a6 11. Bc4 0-0 12. Rad1 Na5 13. Bd3 Nc6 14. d5 Na7 15. c4 Qf6 16. b4 Nc8 17. c5 Qh6 18. Nxg5 Qxg5 19. Nf3 Qh6 20. cxd6 cxd6 21. Rc1 b5 22. Rc7 Nb6 23. Rfc1 Rfc8 24. Nd2 Rxc7 25. Rxc7 Rc8 26. Rb7 Bg4 27. Qf2 Rc1+ 28. Nf1 Nc8 29. Qxf7+ Kh8 30. Qf8# 1-0

[Event "Colmenarejo Spring op 8th"]
[Site "Colmenarejo"]
[Date "2013.04.27"]
[Round "3.3"]
[White "Medrano del Val, Julio"]
[Black "Dominguez Coig, Alvaro"]
[Result "0-1"]
[WhiteElo "1843"]
[BlackElo "1747"]
[PlyCount "110"]
[EventDate "2013.04.14"]
[EventType "swiss"]
[EventRounds "7"]
[EventCountry "ESP"]
[SourceTitle "EXT 2024"]
[Source "ChessBase"]
[SourceDate "2023.10.10"]
[SourceVersion "1"]
[SourceVersionDate "2023.10.10"]
[SourceQuality "1"]

1. Nf3 Nf6 2. d4 e6 3. c4 b6 4. g3 Bb7 5. Bg2 c5 6. 0-0 cxd4 7. Qxd4 Bc5 8. Qd1 0-0 9. Nc3 Na6 10. a3 Nc7 11. Qc2 Rc8 12. e4 d5 13. exd5 exd5 14. b4 Be7 15. Rd1 Qe8 16. Bb2 dxc4 17. Rd4 Ne6 18. Rh4 Qc6 19. Rd1 Rfd8 20. Ne1 Qc7 21. Nd5 Bxd5 22. Bxf6 Bxf6 23. Qxh7+ Kf8 24. Rxd5 Bxh4 25. Qh8+ Ke7 26. Qxh4+ Ke8 27. Rh5 Qe7 28. Qg4 c3 29. Nc2 Rd2 30. Be4 Qf6 31. Rf5 Qe7 32. Rh5 Qd6 33. b5 Rc5 34. Nb4 Rxh5 35. Qxh5 Qc5 36. Bc6+ Ke7 37. Qf3 c2 38. Nxc2 Rxc2 39. h4 Rc3 40. Qe2 Kf8 41. a4 Ra3 42. Kg2 Rxa4 43. Qd3 a5 44. Qh7 Ke7 45. Qg8 Kf6 46. Qb8 Ra2 47. Kh3 Qf5+ 48. g4 Ra3+ 49. f3 Rxf3+ 50. Bxf3 Qxf3+ 51. Kh2 Qf2+ 52. Kh1 Qxh4+ 53. Kg1 Qxg4+ 54. Kh1 Qh5+ 55. Kg2 Qxb5 0-1

[Event "Collado Villalba op-B 29th"]
[Site "Collado Villalba"]
[Date "2012.08.25"]
[Round "2"]
[White "Dominguez Coig, Alvaro"]
[Black "Martinez Montalvo, Eduardo"]
[Result "1/2-1/2"]
[WhiteElo "1689"]
[BlackElo "1825"]
[PlyCount "54"]
[EventDate "2012.08.24"]
[EventType "swiss"]
[EventRounds "9"]
[EventCountry "ESP"]
[SourceTitle "CBM 150 Extra"]
[Source "ChessBase"]
[SourceDate "2012.10.19"]
[SourceVersion "1"]
[SourceVersionDate "2012.10.19"]
[SourceQuality "1"]

1. e4 d5 2. exd5 Nf6 3. d4 Nxd5 4. c4 Nb6 5. Nc3 e5 6. Be3 Bf5 7. dxe5 Nc6 8. Nf3 Bb4 9. Be2 0-0 10. 0-0 Bxc3 11. bxc3 Re8 12. Bd4 Nd7 13. Re1 Ndxe5 14. Nxe5 Nxe5 15. Bf3 Nxf3+ 16. Qxf3 Rxe1+ 17. Rxe1 Qc8 18. Qg3 Bg6 19. Re7 c5 20. Rc7 Qe6 21. Be3 Rd8 22. h3 b6 23. Rxa7 Qxc4 24. Qc7 Rd1+ 25. Kh2 h6 26. Qxb6 Qxc3 27. Qxc5 Qxc5 1/2-1/2